000 01031nam a2200205 a 4500
001 000100357
003 AM-YeHGA
005 20250617161235.0
008 990216s1968 ||||||||||||||||||||rus d
040 _aAM-YeHGA
245 0 0 _aИтоги исследований по химии за 50 лет 1917-1967 :
_bТруды Межвузовской научной конференции, посвященной пятидесятилетию Великой Октябрьской Социалистической революции /
_cТГУ ; Редкол. Н.Ф. Бабушкин, В.В. Серебренников и др.
260 _aТомск :
_bИзд-во ТГУ,
_c1968.
300 _a170 с.
650 1 4 _aХимия
700 1 _aСеребренников, В.В.
_eред.
_4edt
700 1 _aБабушкин, Н.Ф.
_eред.
_4edt
710 2 _aТомский государственный университет
711 2 _aМежвузовская научная конференция
090 _c471158
999 _c467925
_d467925